[Event "Latin Cup"]
[Site "Montevideo"]
[Date "2011.11.02"]
[Round "2"]
[White "Sanchez Britos, Alexander"]
[Black "Passos Coutinho, Eduardo"]
[Result "0-1"]
[WhiteElo "1623"]
[BlackElo "1810"]
[PlyCount "60"]
[EventDate "2011.11.01"]
[EventType "swiss"]
[EventRounds "9"]
[EventCountry "URU"]
[SourceTitle "EXT 2012"]
[Source "ChessBase"]
[SourceDate "2011.11.24"]
[SourceVersion "1"]
[SourceVersionDate "2011.11.24"]
[SourceQuality "1"]

1. e4 c5 2. Nf3 d6 3. c3 Nf6 4. e5 dxe5 5. Nxe5 Qd5 6. Nf3 Nc6 7. c4 Qd8 8. Nc3 g6 9. d3 Bg7 10. g3 0-0 11. Bg2 Bf5 12. Bf1 Qd7 13. h3 Rfd8 14. g4 Bxd3 15. Bxd3 Qxd3 16. Qxd3 Rxd3 17. Nh4 Rad8 18. Bg5 h6 19. Bxf6 Bxf6 20. Ng2 Bxc3+ 21. bxc3 Rxc3 22. 0-0 Rxc4 23. Ne3 Rb4 24. h4 Ne5 25. f3 Rd3 26. Rae1 f6 27. f4 Nxg4 28. Nc2 Rb2 29. Na1 Rg3+ 30. Kh1 Rh2# 0-1